טוען...
Mandalas and yantras in the hindu traditions /
| מחבר ראשי: | |
|---|---|
| פורמט: | Printed Book |
| שפה: | English |
| יצא לאור: |
New Delhi :
D K Printworld ,
2007.
|
| LEADER | 00539nam a22001457a 4500 | ||
|---|---|---|---|
| 008 | 200612b ||||| |||| 00| 0 eng d | ||
| 999 | |c 350659 |d 350659 | ||
| 020 | |a 8124603979 | ||
| 082 | |a 294.537 | ||
| 100 | |a Buhnemann, Gudrun | ||
| 245 | |a Mandalas and yantras in the hindu traditions / |c By Gudrun Buhnemann. | ||
| 260 | |a New Delhi : |b D K Printworld , |c 2007. | ||
| 300 | |a 304p. | ||
| 942 | |c BK | ||
| 952 | |0 0 |1 0 |2 ddc |4 0 |6 294_537000000000000_BUH_M |7 0 |9 405043 |a SAN |b SAN |c ST1 |d 2020-06-12 |g 550.00 |i 12101 |l 0 |o 294.537 BUH/M |p SAN12101 |r 2020-06-12 |w 2020-06-12 |y BK | ||